ORTHOTICS AND PROSTHETICS IN REHABILITION (Record no. 800701)

MARC details
000 -LEADER
fixed length control field 00393pam a2200157 a 4500
020 ## - INTERNATIONAL STANDARD BOOK NUMBER
International Standard Book Number 9781437719369
Terms of availability
041 ## - LANGUAGE CODE
Language code of original
082 ## - DEWEY DECIMAL CLASSIFICATION NUMBER
Classification number 617.3
Item number 11394
100 ## - MAIN ENTRY--PERSONAL NAME
Personal name LUSARDI M.M., JORGE M.M, NIELSON C.,.
245 ## - TITLE STATEMENT
Title ORTHOTICS AND PROSTHETICS IN REHABILITION
Medium Textual Documents
250 ## - EDITION STATEMENT
Edition statement 3.
260 ## - PUBLICATION, DISTRIBUTION, ETC.
Name of publisher, distributor, etc. SAUNDERS
Date of publication, distribution, etc. 2013
300 ## - PHYSICAL DESCRIPTION
Extent 851;:
Other physical details XII;
Dimensions HB.
650 ## - SUBJECT ADDED ENTRY--TOPICAL TERM
Topical term or geographic name entry element ORTHO
930 ## - EQUIVALENCE OR CROSS-REFERENCE-UNIFORM TITLE HEADING [LOCAL, CANADA]
Uniform title 6174
Holdings
Withdrawn status Lost status Damaged status Not for loan Collection Home library Current library Date acquired Source of acquisition Cost, normal purchase price Total Checkouts Full call number Barcode Date due Date last seen Date last checked out Copy number Price effective from Koha item type
          Medical College & Hospital, Sangli Medical College & Hospital, Sangli 12/04/2014 B.M.S.G.B.PUNE 7784.70 1 617.3 11394 MCS-11394 01/10/2043 06/10/2023 06/10/2023 1 26/07/2023 Book